Soviet SSR Flags - Speed Type - Statistics

General Stats
  • This quiz has been taken 49 times
  • The average score is 12 of 16
Answer Stats
Hint Answer % Correct
Russia
94%
Belarus
91%
Lithuania
91%
Estonia
88%
Latvia
88%
Ukraine
88%
Kazakhstan
84%
Armenia
78%
Azerbaijan
75%
Turkmenistan
75%
Uzbekistan
75%
Georgia
66%
Kyrgyzstan
66%
Moldova
66%
Tajikistan
66%
Karelia
31%
No matching quizzes found
Score Distribution
Percent of People with Each Score
Percentile by Number Answered
Your Score History
You have not taken this quiz